[Event "ITA-ch Amateur C"]
[Site "Civitanova Marche"]
[Date "2012.07.18"]
[Round "4"]
[White "Marvulli, Dario"]
[Black "Boscolo, Camiletto Andrea"]
[Result "1-0"]
[WhiteElo "1676"]
[BlackElo "1753"]
[PlyCount "87"]
[EventDate "2012.07.15"]
[EventType "swiss"]
[EventRounds "8"]
[EventCountry "ITA"]
[SourceTitle "EXT 2024"]
[Source "ChessBase"]
[SourceDate "2023.10.10"]
[SourceVersion "1"]
[SourceVersionDate "2023.10.10"]
[SourceQuality "1"]

1. e4 g6 2. d4 Bg7 3. Nf3 c5 4. Be3 cxd4 5. Bxd4 Bxd4 6. Qxd4 Nf6 7. Bc4 Nc6 8. Qc3 d6 9. Nbd2 Qb6 10. 0-0 0-0 11. Rfe1 Nd7 12. Bb3 Nc5 13. Nc4 Qc7 14. e5 dxe5 15. Ncxe5 Nxb3 16. Nxc6 Qxc6 17. Qxc6 bxc6 18. axb3 Re8 19. g3 f6 20. Nd4 Bb7 21. Re6 c5 22. Nb5 Bd5 23. Rea6 Rec8 24. Rxa7 Rxa7 25. Rxa7 Be4 26. Na3 Rd8 27. Kf1 e5 28. Ke2 Rc8 29. Ra6 Kf7 30. Rd6 Ke7 31. Rd2 g5 32. Nc4 g4 33. Nd6 Bf3+ 34. Ke3 Rh8 35. Ne4 Rc8 36. Nc3 h5 37. Ne2 Ke6 38. Ng1 Bc6 39. f4 Rf8 40. Rf2 Rd8 41. Ne2 e4 42. f5+ Ke5 43. Nf4 Bd7 44. Rd2 1-0

[Event "Chioggia op-B 04th"]
[Site "Chioggia"]
[Date "2009.10.11"]
[Round "5"]
[White "Boscolo, Marco Bacchetto"]
[Black "Boscolo, Camiletto Andrea"]
[Result "1-0"]
[WhiteElo "1800"]
[BlackElo "1416"]
[PlyCount "95"]
[EventDate "2009.10.09"]
[EventType "swiss"]
[EventRounds "5"]
[EventCountry "ITA"]
[SourceTitle "EXT 2022"]
[Source "ChessBase"]
[SourceDate "2021.10.06"]
[SourceVersion "1"]
[SourceVersionDate "2021.10.06"]
[SourceQuality "1"]

1. d4 d5 2. e4 dxe4 3. Nc3 Nf6 4. f3 exf3 5. Nxf3 Bg4 6. h3 Bh5 7. g4 Bg6 8. Ne5 e6 9. Nxg6 hxg6 10. Bg2 Nc6 11. Bxc6+ bxc6 12. Qf3 Nd5 13. 0-0 Qd7 14. Nxd5 cxd5 15. Bf4 Rb8 16. b3 Be7 17. Kg2 Rb5 18. Bxc7 Bf6 19. Be5 Bxe5 20. dxe5 d4 21. Qa8+ Qd8 22. Qc6+ Qd7 23. Qxd7+ Kxd7 24. Rxf7+ Kc6 25. Rd1 Rb7 26. Rxb7 Kxb7 27. Rxd4 Rc8 28. c4 a5 29. Rd6 Rc6 30. Kf3 g5 31. Ke4 Kc7 32. Rxc6+ Kxc6 33. Kd4 g6 34. a3 Kb6 35. b4 axb4 36. axb4 Kc6 37. c5 Kb5 38. Kc3 Kc6 39. Kc4 Kb7 40. Kb5 Kc7 41. c6 Kb8 42. Kc5 Kc8 43. Kd6 Kd8 44. b5 Kc8 45. b6 Kb8 46. Kxe6 Ka8 47. Kd7 Kb8 48. e6 1-0

[Event "Chioggia op-B 04th"]
[Site "Chioggia"]
[Date "2009.10.09"]
[Round "1"]
[White "Dal Bianco, Nicola"]
[Black "Boscolo, Camiletto Andrea"]
[Result "1-0"]
[WhiteElo "1593"]
[BlackElo "1416"]
[PlyCount "61"]
[EventDate "2009.10.09"]
[EventType "swiss"]
[EventRounds "5"]
[EventCountry "ITA"]
[SourceTitle "EXT 2022"]
[Source "ChessBase"]
[SourceDate "2021.10.06"]
[SourceVersion "1"]
[SourceVersionDate "2021.10.06"]
[SourceQuality "1"]

1. c4 c5 2. Nc3 Nc6 3. Nf3 Nf6 4. g3 d6 5. Bg2 Bd7 6. 0-0 g6 7. d4 Qb6 8. e3 Bg7 9. d5 Na5 10. Qd3 0-0 11. Rb1 e6 12. e4 exd5 13. cxd5 c4 14. Qc2 Bb5 15. Be3 Qa6 16. Bh3 Rfe8 17. Rfe1 Nd7 18. a4 Bxc3 19. axb5 Qxb5 20. bxc3 Nb3 21. Nd4 Nxd4 22. Bxd4 Qa5 23. Bxd7 Re7 24. Bh3 Rae8 25. f3 f5 26. Ra1 Qc7 27. Rxa7 fxe4 28. fxe4 Rf7 29. Be6 Rxe6 30. dxe6 Re7 31. Ra8+ 1-0